000 00604nam a2200205 i 4500
001 63035
003 ES-MaACL
005 20230906164755.0
007 t|
008 031127s1973 sp ||||1| spa d
100 1 _aFernández Pombo, Alejandro.
_950006
245 1 0 _aMaestro Azorín /
_cAlejandro Fernández Pombo.
260 _a[Madrid] :
_bDoncel,
_c[1973]
300 _a155 p. ;
_c18 cm.
490 1 _aLibro joven de bolsillo ;
_v46
500 _aPremio Doncel de biografía.
830 0 _aLibro joven de bolsillo ;
_v46
_9181662
852 _aES-MaACL
_jC-52901
_bR.86379
999 _c63035
_d63035